| 000 | 00939naa a2200241 4500 | ||
|---|---|---|---|
| 005 | 20110810145620.0 | ||
| 008 | 110810t xxu||||| |||| 00| 0 eng d | ||
| 010 | _aENG-103357 | ||
| 020 |
_c130.00 _a9788183795210 |
||
| 035 | _aEN-86890 | ||
| 037 | _bDBAD/PUB | ||
| 040 |
_aDPL _bEng |
||
| 082 | _a378.54 | ||
| 100 |
_932587 _aChittibabu, S.V. |
||
| 245 | 1 |
_aHigher education in India : _cby S.V.Chittibabu _bissues and imperatives / |
|
| 260 |
_aChennai _bPalaniappa Brothers _c2009 |
||
| 270 |
_a" KONAR MAALIGAI " No.25, Peters Road, Royapettah, _bChennai _e600014 |
||
| 300 |
_a131p. _c22cm (Hb) |
||
| 700 | _932860 | ||
| 942 |
_adpl _cEN _2ddc _mCHI _h378.54 |
||
| 999 |
_c55610 _d55610 |
||